Noem alle fractievoorzitters tweede kamer - Statistieken

Algemene statistieken
  • Deze quiz is 36 keer genomen
  • De gemiddelde score is 11 van 15
Antwoordstatistieken
Hint Antwoord % Correct
PVV Geert Wilders
97%
BBB Caroline van der Plas
83%
GroenLinks-PvdA Frans Timmermans
83%
NSC Pieter Omtzigt
83%
D66 Rob Jetten
83%
FvD Thierry Baudet
83%
VVD Dilan Yeşilgöz
76%
PvdD Esther Ouwehand
72%
CDA Henri Bontenbal
72%
ChristenUnie Mirjam Bikker
72%
SP Jimmy Dijk
69%
Volt Laurens Dassen
69%
JA21 Joost Eerdmans
66%
DENK Stephan van Baarle
62%
SGP Chris Stoffer
59%
Geen overeenkomende quizzen gevonden
Scoreverdeling
Procent van Mensen met Elke Score
Percentiel versus Aantal Correcte Antwoorden
Uw Scoregeschiedenis
U heeft deze quiz nog niet genomen